Катынь: Пленники необъявленной войны

গ্রন্থ-পঞ্জীর বিবরন
অন্যান্য লেখক: Яковлев А. Н. (редактор)
ভাষা:রুশ
প্রকাশিত: Москва, Международный фонд "Демократия", 1999
মালা:Россия: ХХ век
Документы
বিষয়গুলি:
বিন্যাস: গ্রন্থ
KOHA link:https://koha.lib.tpu.ru/cgi-bin/koha/opac-detail.pl?biblionumber=15004

MARC

LEADER 00000nam0a2200000 4500
001 15004
005 20231030190001.0
010 |a 5895110029 
035 |a (RuTPU)RU\TPU\book\15106 
035 |a BOOK00015176 
090 |a 15004 
100 |a 20011209d1999 m y0rusy50 ca 
101 0 |a rus 
102 |a RU 
105 |a a z 000zy 
200 1 |a Катынь  |e Пленники необъявленной войны  |f Под общей ред. А. Н. Яковлева 
210 |a Москва  |c Международный фонд "Демократия"  |d 1999 
215 |a 608 с.  |c ил. 
225 1 |a Россия: ХХ век 
225 1 |a Документы 
610 1 |a история 
610 1 |a СССР 
610 1 |a Польша 
610 1 |a Вторая мировая война 1939-1945 
610 1 |a 20 век 
610 1 |a военнопленные 
610 1 |a лагеря военнопленных 
610 1 |a НКВД 
610 1 |a Катынь 
686 |a Т3(2)621  |v LBC/SL-A  |2 rubbk 
702 1 |a Яковлев  |b А. Н.  |4 340 
801 0 |a RU  |b 63413507  |c 20011209  |g PSBO 
801 2 |a RU  |b 63413507  |c 20140220  |g PSBO 
942 |c BK